| 000 | 00447nam a22001697a 4500 | ||
|---|---|---|---|
| 003 | CEME | ||
| 005 | 20210628210628.0 | ||
| 008 | 210210b xxu||||| |||| 00| 0 eng d | ||
| 020 | _a81-86830-18-9 | ||
| 040 | _c. | ||
| 082 | _a004.03 ITE | ||
| 100 |
_aCd-Rom _980258 |
||
| 245 | _aIt encyclopaedia.com e-commerce the edi way.on cd rom | ||
| 260 |
_aNEW DELHI _bPENTAGON PRESS _c2001 |
||
| 650 |
_aE-COMMERCE ON CD-ROM _980259 |
||
| 942 |
_cBK _2ddc |
||
| 999 |
_c585207 _d585207 |
||